000 00897nam a2200277 i 4500
003 DO-SdBNP
005 20260428131849.0
007 ta
008 260428b2025 dr ||||| |||| 00| 0 spa d
020 _a9789945656701
040 _aDO-SdBNP
_bspa
_cBNPHU
_erda
041 _aspa
082 4 _axxx
_bxxx
_222
100 _aHolguín López, María Elisa,
_eautor
_4aut.
_989235
245 1 0 _aPrograma de cumplimiento :
_bel diálogo interdisciplinario del compliance /
_cMaría Elena Holguín López
250 _aprimera edición
264 1 _aSanto Domingo :
_bEditorial Santuario,
_c2025.
300 _a250 páginas ;
_c24 cm.
336 _atexto
_btxt
_2rdacontent
337 _asin mediación
_bn
_2rdamedia
338 _avolumen
_bnc
_2rdacarrier
500 _aIncluye datos biográficos del autor en las solapas
590 _aInventariado, 2026/BT
910 _aBtavárez
942 _2ddc
_cLBS1
999 _c60512
_d60512